[Event "SWE-chT 1920 Elite"]
[Site "Sweden"]
[Date "2020.10.19"]
[Round "8.4"]
[White "Nylen, Anders"]
[Black "Norberg, Erik"]
[Result "1/2-1/2"]
[WhiteElo "2173"]
[BlackElo "2257"]
[PlyCount "100"]
[EventDate "2019.10.18"]
[EventType "team-tourn"]
[EventRounds "9"]
[EventCountry "SWE"]
[SourceTitle "EXT 2022"]
[Source "ChessBase"]
[SourceDate "2021.10.06"]
[SourceVersion "1"]
[SourceVersionDate "2021.10.06"]
[SourceQuality "1"]
[WhiteTeam "Limhamn"]
[BlackTeam "Vasteras"]
[WhiteTeamCountry "SWE"]
[BlackTeamCountry "SWE"]

1. d4 d6 2. e4 Nf6 3. f3 c5 4. d5 g6 5. c4 Bg7 6. Nc3 0-0 7. Bg5 a6 8. a4 e6 9. Qd2 exd5 10. cxd5 Re8 11. Nge2 Nbd7 12. Ng3 Rb8 13. Be2 Qc7 14. 0-0 c4 15. Rfc1 b5 16. axb5 axb5 17. b4 cxb3 18. Nxb5 Qd8 19. Rc6 Ne5 20. Rxd6 Qe7 21. Rb1 Bd7 22. Rxd7 Qxd7 23. Rxb3 Rec8 24. Nd4 Rxb3 25. Nxb3 Qa4 26. Nd4 Nfd7 27. Be3 Qa1+ 28. Nf1 Qb1 29. Qd1 Qxd1 30. Bxd1 Rc3 31. Ne2 Ra3 32. Neg3 Nc4 33. Bf2 Nde5 34. Be2 Nd3 35. Bxd3 Rxd3 36. Bc5 Bf8 37. Bxf8 Kxf8 38. Kf2 Ke7 39. Ne2 Kd6 40. Nfg3 Rd2 41. h4 h5 42. Nf1 Ra2 43. Nfg3 Kc5 44. Nf1 Nd6 45. Ne3 Nb5 46. Nf1 Kc4 47. Ke3 Ra3+ 48. Kf4 f6 49. e5 Kxd5 50. exf6 Ke6 1/2-1/2

[Event "SWE-chT 1920 Superettan"]
[Site "Sweden"]
[Date "2020.01.11"]
[Round "4"]
[White "Von Bahr, Oskar"]
[Black "Norberg, Erik"]
[Result "0-1"]
[WhiteElo "2395"]
[BlackElo "2257"]
[PlyCount "82"]
[EventDate "2019.10.18"]
[EventType "team-tourn"]
[EventRounds "9"]
[EventCountry "SWE"]
[SourceTitle "EXT 2023"]
[Source "ChessBase"]
[SourceDate "2022.10.05"]
[SourceVersion "1"]
[SourceVersionDate "2022.10.05"]
[SourceQuality "1"]
[WhiteTeam "Kungstornet"]
[BlackTeam "Vasteras II"]
[WhiteTeamCountry "SWE"]
[BlackTeamCountry "SWE"]

1. c4 c5 2. g3 Nc6 3. Bg2 g6 4. Nc3 Bg7 5. d3 d6 6. Qd2 e5 7. b3 Nge7 8. Bb2 Rb8 9. e3 a6 10. Nd5 b5 11. Ne2 Nxd5 12. cxd5 Ne7 13. b4 cxb4 14. Qxb4 a5 15. Qd2 0-0 16. 0-0 b4 17. a3 Qb6 18. axb4 axb4 19. d4 Ba6 20. dxe5 dxe5 21. Rfb1 Rfd8 22. e4 Nc6 23. Nc1 Na5 24. Qe3 Nc4 25. Qxb6 Rxb6 26. Nb3 Nd6 27. Na5 Bd3 28. Re1 Re8 29. f3 f5 30. Nb3 fxe4 31. fxe4 Nc4 32. Bc1 Bc2 33. Na5 Ra6 34. Nb3 Rea8 35. Rxa6 Rxa6 36. Nd2 Nd6 37. Bf1 Ra1 38. Nc4 b3 39. Nxd6 Bh6 40. Bb2 Rxe1 41. Kf2 Rb1 0-1

[Event "SWE-chT 1920 Elite"]
[Site "Sweden"]
[Date "2019.10.20"]
[Round "3.5"]
[White "Olofsson Dolk, Mattis"]
[Black "Norberg, Erik"]
[Result "1/2-1/2"]
[WhiteElo "2209"]
[BlackElo "2257"]
[PlyCount "95"]
[EventDate "2019.10.18"]
[EventType "team-tourn"]
[EventRounds "9"]
[EventCountry "SWE"]
[SourceTitle "CBM 194 Extra"]
[Source "ChessBase"]
[SourceDate "2020.03.31"]
[SourceVersion "1"]
[SourceVersionDate "2020.03.31"]
[SourceQuality "1"]
[WhiteTeam "Vaxjo"]
[BlackTeam "Vasteras"]
[WhiteTeamCountry "SWE"]
[BlackTeamCountry "SWE"]

1. e4 g6 2. d4 Bg7 3. Nc3 c6 4. f4 Qb6 5. Nf3 d5 6. e5 Bg4 7. Be2 e6 8. Na4 Qc7 9. Be3 Bxf3 10. Bxf3 h5 11. 0-0 Nd7 12. b3 b5 13. Nb2 Ne7 14. Qd2 Nf5 15. Rfc1 Rb8 16. Bf2 Qb6 17. a4 a6 18. axb5 axb5 19. Ra2 Bf8 20. Rca1 c5 21. Ra6 Qc7 22. Ra7 Qc8 23. c4 bxc4 24. bxc4 cxd4 25. cxd5 Bb4 26. Qd1 Bc3 27. dxe6 fxe6 28. Qa4 Bxb2 29. Bc6 Rh7 30. Rb1 Re7 31. Be1 Ne3 32. Ba5 Kf7 33. Rc7 Qa6 34. Bxd7 Qe2 35. Qc6 Bc3 36. Bxe6+ Kg7 37. Rxe7+ Kh6 38. Reb7 Nd1 39. Qf3 Qe1+ 40. Qf1 Qe3+ 41. Kh1 Nf2+ 42. Qxf2 Qxf2 43. Rxb8 Bxa5 44. Rh8+ Kg7 45. Rg8+ Kh6 46. Rh8+ Kg7 47. Rg8+ Kh6 48. Rh8+ 1/2-1/2

[Event "SWE-chT 1819 Elite"]
[Site "Sweden"]
[Date "2019.03.29"]
[Round "7.1"]
[White "Norberg, Erik"]
[Black "Malesevic, Nedeljko"]
[Result "1-0"]
[WhiteElo "2219"]
[BlackElo "2239"]
[PlyCount "123"]
[EventDate "2018.11.09"]
[EventType "team-tourn"]
[EventRounds "9"]
[EventCountry "SWE"]
[SourceTitle "CBM 189 Extra"]
[Source "ChessBase"]
[SourceDate "2019.06.03"]
[SourceVersion "1"]
[SourceVersionDate "2019.06.03"]
[SourceQuality "1"]
[WhiteTeam "Vasteras"]
[BlackTeam "Eksjo"]
[WhiteTeamCountry "SWE"]
[BlackTeamCountry "SWE"]

1. c4 Nf6 2. Nc3 c5 3. g3 d5 4. cxd5 Nxd5 5. Bg2 Nc7 6. Nf3 Nc6 7. d3 e5 8. Be3 Be7 9. Rc1 Bd7 10. 0-0 Rc8 11. Nd2 0-0 12. f4 exf4 13. gxf4 b6 14. f5 Bg5 15. Bxg5 Qxg5 16. Nce4 Qe3+ 17. Kh1 Nd4 18. Nc4 Qxe2 19. Qxe2 Nxe2 20. Rce1 Nd4 21. Ned6 Rcd8 22. Re7 Ncb5 23. Nxb5 Bxb5 24. Rxa7 Nc6 25. Rc7 Rxd3 26. Nxb6 Rd2 27. Rc1 Nd4 28. R7xc5 Rxb2 29. a4 Be2 30. Nd7 Bf3 31. Bxf3 Nxf3 32. R5c2 Rxc2 33. Rxc2 Rd8 34. Rc7 h5 35. f6 Nd4 36. fxg7 Ne6 37. Rb7 Kxg7 38. a5 Rc8 39. a6 Nc5 40. Rb8 Rxb8 41. Nxb8 Ne6 42. a7 Nc7 43. Kg2 Kg6 44. Kf3 Kf5 45. Nc6 Na8 46. Ke3 Kg4 47. Ne5+ Kh3 48. Nf3 Kg4 49. Ke4 f6 50. Nd4 Kh3 51. Kd5 Kxh2 52. Kc6 h4 53. Nf3+ Kg3 54. Nxh4 Kxh4 55. Kb7 f5 56. Kxa8 f4 57. Kb8 f3 58. a8Q Kg3 59. Qe4 f2 60. Qh1 Kf4 61. Kc7 Ke3 62. Qf1 1-0

[Event "SWE-chT 1819 Elite"]
[Site "Sweden"]
[Date "2019.02.02"]
[Round "5.3"]
[White "Lagerborg, Krister"]
[Black "Norberg, Erik"]
[Result "0-1"]
[WhiteElo "2052"]
[BlackElo "2219"]
[PlyCount "56"]
[EventDate "2018.11.09"]
[EventType "team-tourn"]
[EventRounds "9"]
[EventCountry "SWE"]
[SourceTitle "CBM 189 Extra"]
[Source "ChessBase"]
[SourceDate "2019.06.03"]
[SourceVersion "1"]
[SourceVersionDate "2019.06.03"]
[SourceQuality "1"]
[WhiteTeam "Farsta"]
[BlackTeam "Vasteras"]
[WhiteTeamCountry "SWE"]
[BlackTeamCountry "SWE"]

1. e4 g6 2. d4 Bg7 3. c4 d6 4. Nc3 Nf6 5. f3 c6 6. Be3 Nbd7 7. Bd3 e5 8. d5 0-0 9. Nge2 Nh5 10. g4 Nf4 11. Nxf4 exf4 12. Bf2 Ne5 13. Be2 f5 14. gxf5 gxf5 15. Qd2 c5 16. Rg1 Kh8 17. 0-0-0 Bh6 18. Kb1 Qf6 19. Ka1 a6 20. Qe1 b5 21. cxb5 axb5 22. Nxb5 fxe4 23. fxe4 f3 24. Bf1 Bd7 25. Bh4 Qf4 26. Qg3 Qxe4 27. Nxd6 Rxa2+ 28. Kxa2 Qa4+ 0-1

[Event "SWE-chT 1718 Superettan"]
[Site "Sweden"]
[Date "2017.10.21"]
[Round "2"]
[White "Celander, Jesper"]
[Black "Norberg, Erik"]
[Result "1/2-1/2"]
[WhiteElo "2089"]
[BlackElo "2229"]
[PlyCount "45"]
[EventDate "2017.10.20"]
[EventType "team-tourn"]
[EventRounds "9"]
[EventCountry "SWE"]
[SourceTitle "EXT 2019"]
[Source "ChessBase"]
[SourceDate "2018.10.10"]
[SourceVersion "1"]
[SourceVersionDate "2018.10.10"]
[SourceQuality "1"]
[WhiteTeam "Kristallens"]
[BlackTeam "Vasteras"]
[WhiteTeamCountry "SWE"]
[BlackTeamCountry "SWE"]

1. d4 g6 2. e4 Bg7 3. Nc3 c6 4. Be2 d5 5. e5 f6 6. f4 Nh6 7. Nf3 Bg4 8. 0-0 0-0 9. a4 a5 10. Ra3 Nd7 11. Rb3 Rb8 12. Ne1 Bxe2 13. Nxe2 fxe5 14. fxe5 Rxf1+ 15. Kxf1 e6 16. Rh3 c5 17. c3 cxd4 18. cxd4 Rc8 19. Nf3 Nf7 20. Bd2 Nf8 21. Qb3 b6 22. Qd3 Qc7 23. Nc3 1/2-1/2

[Event "SWE-chT 1516 Superettan"]
[Site "Sweden"]
[Date "2016.03.20"]
[Round "9"]
[White "Renman, Nils Gustaf"]
[Black "Norberg, Erik"]
[Result "1/2-1/2"]
[WhiteElo "2332"]
[BlackElo "2245"]
[PlyCount "49"]
[EventDate "2015.11.06"]
[EventType "team-tourn"]
[EventRounds "9"]
[EventCountry "SWE"]
[SourceTitle "EXT 2018"]
[Source "ChessBase"]
[SourceDate "2017.10.13"]
[SourceVersion "1"]
[SourceVersionDate "2017.10.13"]
[SourceQuality "1"]
[WhiteTeam "Norrkoping Schack 08"]
[BlackTeam "Vasteras II"]
[WhiteTeamCountry "SWE"]
[BlackTeamCountry "SWE"]

1. d4 g6 2. Nf3 Bg7 3. c4 Nf6 4. Nc3 d6 5. e4 0-0 6. Be3 e5 7. dxe5 dxe5 8. Qxd8 Rxd8 9. Nd5 Nxd5 10. cxd5 c6 11. Bc4 b5 12. Bb3 Bb7 13. 0-0-0 cxd5 14. Bxd5 Bxd5 15. Rxd5 Rxd5 16. exd5 Nd7 17. Kb1 e4 18. Nd4 a6 19. Nc6 f5 20. Rd1 Kf7 21. Bd4 Bxd4 22. Rxd4 Nb6 23. b3 Rc8 24. Nb4 a5 25. Nc6 1/2-1/2

[Event "SWE-chT 1516"]
[Site "Sweden"]
[Date "2016.03.19"]
[Round "8.3"]
[White "Norberg, Erik"]
[Black "Penalver, Osmani"]
[Result "1/2-1/2"]
[WhiteElo "2241"]
[BlackElo "2266"]
[PlyCount "60"]
[EventDate "2015.11.06"]
[EventType "team-tourn"]
[EventRounds "9"]
[EventCountry "SWE"]
[SourceTitle "EXT 2017"]
[Source "ChessBase"]
[SourceDate "2016.10.25"]
[SourceVersion "1"]
[SourceVersionDate "2016.10.25"]
[SourceQuality "1"]
[WhiteTeam "Vasteras"]
[BlackTeam "Limhamn"]
[WhiteTeamCountry "SWE"]
[BlackTeamCountry "SWE"]

1. g3 Nf6 2. Bg2 e6 3. Nf3 d5 4. 0-0 b5 5. d3 Be7 6. Nbd2 0-0 7. e4 Bb7 8. e5 Nfd7 9. Re1 c5 10. c4 Qb6 11. cxd5 Bxd5 12. Ne4 Nc6 13. Bf4 Nd4 14. Nxd4 cxd4 15. Qg4 Kh8 16. Qh5 g6 17. Qh6 Bxe4 18. Rxe4 Rfd8 19. Bg5 Bxg5 20. Qxg5 Kg8 21. Rae1 Rac8 22. Rf4 Qa5 23. Ree4 Nc5 24. Rxd4 Nxd3 25. Rxf7 Rxd4 26. Qe7 Rc1+ 27. Bf1 Rxf1+ 28. Kxf1 Qe1+ 29. Kg2 Qe4+ 30. Kg1 Qe1+ 1/2-1/2

[Event "Vasteras op"]
[Site "Vasteras"]
[Date "2015.09.25"]
[Round "3"]
[White "Norberg, Erik"]
[Black "Tikkanen, Hans"]
[Result "0-1"]
[WhiteElo "2245"]
[BlackElo "2509"]
[PlyCount "110"]
[EventDate "2015.09.25"]
[EventType "swiss"]
[EventRounds "8"]
[EventCountry "SWE"]
[SourceTitle "EXT 2016"]
[Source "ChessBase"]
[SourceDate "2015.10.08"]
[SourceVersion "1"]
[SourceVersionDate "2015.10.08"]
[SourceQuality "1"]

1. c4 e6 2. Nf3 Nf6 3. g3 c5 4. Bg2 Nc6 5. 0-0 Be7 6. Nc3 0-0 7. d4 cxd4 8. Nxd4 a6 9. e4 Qc7 10. b3 Bc5 11. Nce2 Nxd4 12. Nxd4 Nxe4 13. Bxe4 Qe5 14. Bxh7+ Kxh7 15. Bb2 Kg8 16. Qg4 f5 17. Qh4 Qf6 18. Qxf6 gxf6 19. Rad1 Kf7 20. Bc3 Be7 21. Rfe1 b6 22. a4 Rb8 23. Nf3 b5 24. cxb5 axb5 25. a5 b4 26. Bd4 Ba6 27. Ba7 Rb7 28. Bb6 Rc8 29. Re3 Bc5 30. Bxc5 Rxc5 31. Ra1 Rc3 32. Nd4 Rbc7 33. Ra4 Rc1+ 34. Kg2 Rb7 35. h4 Kg6 36. Nf3 e5 37. Re1 Rxe1 38. Nxe1 Bb5 39. Ra2 Bc6+ 40. Kg1 Bd5 41. Rb2 Ra7 42. Nc2 Rxa5 43. Nxb4 Be6 44. Nd3 d6 45. b4 Rb5 46. Ne1 Bc4 47. Nc2 Bd3 48. Na3 Rb8 49. b5 Rb6 50. f3 d5 51. Kf2 d4 52. Rb3 e4 53. Rb4 e3+ 54. Kg2 Re6 55. h5+ Kh6 0-1

[Event "Deltalift op"]
[Site "Tylosand"]
[Date "2015.05.16"]
[Round "8"]
[White "Olsen, Robin"]
[Black "Norberg, Erik"]
[Result "1/2-1/2"]
[WhiteElo "2018"]
[BlackElo "2268"]
[PlyCount "56"]
[EventDate "2015.05.14"]
[EventType "swiss"]
[EventRounds "8"]
[EventCountry "SWE"]
[SourceTitle "CBM 166 Extra"]
[Source "ChessBase"]
[SourceDate "2015.06.18"]
[SourceVersion "1"]
[SourceVersionDate "2015.06.18"]
[SourceQuality "1"]

1. d4 g6 2. c4 Bg7 3. e4 d6 4. Nc3 Nf6 5. f3 e5 6. d5 0-0 7. Be3 Nh5 8. Qd2 f5 9. 0-0-0 Nd7 10. Kb1 b6 11. Nge2 f4 12. Bf2 a5 13. Nc1 Nc5 14. Nd3 Bd7 15. Nxc5 bxc5 16. Nb5 Rf7 17. Be2 Bf8 18. a4 Be7 19. Qe1 h6 20. Rd3 Kh7 21. Rb3 Ng7 22. Ka1 c6 23. Nc3 Rb8 24. Rxb8 Qxb8 25. Qd1 Bf8 26. Qc2 Be8 27. Rb1 Rb7 28. b3 Bd7 1/2-1/2

[Event "Deltalift op"]
[Site "Tylosand"]
[Date "2015.05.14"]
[Round "2"]
[White "Norberg, Erik"]
[Black "Thiborg, Jesper"]
[Result "1/2-1/2"]
[WhiteElo "2268"]
[BlackElo "2065"]
[PlyCount "135"]
[EventDate "2015.05.14"]
[EventType "swiss"]
[EventRounds "8"]
[EventCountry "SWE"]
[SourceTitle "CBM 166 Extra"]
[Source "ChessBase"]
[SourceDate "2015.06.18"]
[SourceVersion "1"]
[SourceVersionDate "2015.06.18"]
[SourceQuality "1"]

1. g3 Nf6 2. Bg2 g6 3. e4 d6 4. d4 Bg7 5. Ne2 0-0 6. 0-0 c6 7. h3 b5 8. Be3 Nbd7 9. a4 b4 10. c4 bxc3 11. bxc3 Nb6 12. Nd2 Ba6 13. f4 e5 14. Rf2 Nh5 15. g4 Bxe2 16. Qxe2 Nxf4 17. Bxf4 exf4 18. Rxf4 Qg5 19. Raf1 Bh6 20. a5 Qxa5 21. R4f3 Qa2 22. R3f2 Qc2 23. Nf3 Qxc3 24. g5 Bg7 25. Rd1 h6 26. Kh1 hxg5 27. Nxg5 Bxd4 28. Rf3 Qc5 29. Rg3 Be5 30. Rg4 Nc4 31. Rc1 d5 32. exd5 cxd5 33. Qxe5 Nxe5 34. Rxc5 Nxg4 35. hxg4 a5 36. Bxd5 Ra7 37. Kg2 Kg7 38. Kf3 Kf6 39. Kf4 a4 40. Rc6+ Kg7 41. Ne4 a3 42. Ba2 Ra4 43. Rc7 Re8 44. Rxf7+ Kh8 45. Kg5 Raxe4 46. Kh6 Kg8 47. Rf3+ Kh8 48. g5 R4e7 49. Rxa3 Rh7+ 50. Kxg6 Rg7+ 51. Kh5 Kh7 52. Bb1+ Kg8 53. Kh6 Re6+ 54. g6 Re8 55. Ba2+ Kh8 56. Bd5 Rd8 57. Be6 Re7 58. Ba2 Rc7 59. Rh3 Rdd7 60. Kg5+ Rh7 61. Rf3 Rc5+ 62. Kf6 Rc6+ 63. Be6 Rxe6+ 64. Kxe6 Ra7 65. Rf7 Ra6+ 66. Kf5 Kg8 67. Kg5 Ra1 68. Rb7 1/2-1/2

[Event "SWE-chT 1314"]
[Site "Sweden"]
[Date "2013.11.23"]
[Round "2.1"]
[White "Norberg, Erik"]
[Black "Penalver, Osmani"]
[Result "1/2-1/2"]
[WhiteElo "2215"]
[BlackElo "2258"]
[PlyCount "46"]
[EventDate "2013.11.22"]
[EventType "team-tourn"]
[EventRounds "9"]
[EventCountry "SWE"]
[SourceTitle "CBM 157 Extra"]
[Source "ChessBase"]
[SourceDate "2013.12.19"]
[SourceVersion "1"]
[SourceVersionDate "2013.12.19"]
[SourceQuality "1"]
[WhiteTeam "Vasteras"]
[BlackTeam "Limhamn"]
[WhiteTeamCountry "SWE"]
[BlackTeamCountry "SWE"]

1. g3 Nf6 2. Bg2 d5 3. Nf3 Nc6 4. d4 Bf5 5. 0-0 e6 6. a3 Be7 7. c4 0-0 8. cxd5 exd5 9. Nc3 Ne4 10. Nd2 Nxd4 11. Ndxe4 dxe4 12. Nxe4 Bg4 13. f3 Bf5 14. Be3 Bxe4 15. Bxd4 Bc6 16. e4 Qd7 17. Bc3 Qe6 18. Qe2 Bc5+ 19. Kh1 Qb3 20. Rfd1 Rad8 21. Rd2 Bb5 22. Qd1 Qxd1+ 23. Raxd1 Be7 1/2-1/2

[Event "SWE-chT 1213"]
[Site "Sweden"]
[Date "2013.03.16"]
[Round "8"]
[White "Norberg, Erik"]
[Black "Landgren, Philip"]
[Result "1-0"]
[WhiteElo "2214"]
[BlackElo "2243"]
[PlyCount "111"]
[EventDate "2012.10.05"]
[EventType "team-tourn"]
[EventRounds "9"]
[EventCountry "SWE"]
[SourceTitle "EXT 2014"]
[Source "ChessBase"]
[SourceDate "2013.11.20"]
[SourceVersion "1"]
[SourceVersionDate "2013.11.20"]
[SourceQuality "1"]
[WhiteTeam "Vasteras"]
[BlackTeam "Manhem"]
[WhiteTeamCountry "SWE"]
[BlackTeamCountry "SWE"]

1. g3 d5 2. Bg2 Nf6 3. Nf3 c6 4. b3 Bg4 5. Bb2 Nbd7 6. 0-0 e6 7. c4 Bd6 8. d4 0-0 9. Nbd2 Qe7 10. h3 Bh5 11. Ne5 Ba3 12. Bxa3 Qxa3 13. g4 Bg6 14. Nxg6 hxg6 15. e3 Rad8 16. g5 Ne8 17. h4 Nd6 18. h5 gxh5 19. Qxh5 g6 20. Qh2 Nf5 21. Bh3 Qe7 22. Qf4 f6 23. Bxf5 fxg5 24. Bxe6+ Qxe6 25. Qxg5 Rde8 26. Rae1 Rf5 27. Qg3 Kg7 28. e4 Rh5 29. exd5 Qxe1 30. Rxe1 Rxe1+ 31. Kg2 cxd5 32. Nf3 Re7 33. Nh4 Nf8 34. c5 Re4 35. Qc7+ Kg8 36. Nf3 Rf5 37. Qxb7 Ref4 38. Ne5 Rxf2+ 39. Kg3 Nh7 40. Qxd5+ Kg7 41. Qd7+ Kg8 42. Qe6+ Kh8 43. c6 Nf6 44. Qxf5 Rxf5 45. c7 Ne4+ 46. Kg4 Nd6 47. c8Q+ Nxc8 48. Nxg6+ Kg7 49. Kxf5 Nd6+ 50. Ke6 Nb5 51. d5 Kxg6 52. d6 Nd4+ 53. Kd5 Nf5 54. d7 Ne7+ 55. Kd6 Nf5+ 56. Kc7 1-0

[Event "SWE-chT 1213"]
[Site "Sweden"]
[Date "2013.03.15"]
[Round "7"]
[White "Nilsson, Sebastian"]
[Black "Norberg, Erik"]
[Result "1-0"]
[WhiteElo "2330"]
[BlackElo "2214"]
[PlyCount "51"]
[EventDate "2012.10.05"]
[EventType "team-tourn"]
[EventRounds "9"]
[EventCountry "SWE"]
[SourceTitle "EXT 2014"]
[Source "ChessBase"]
[SourceDate "2013.11.20"]
[SourceVersion "1"]
[SourceVersionDate "2013.11.20"]
[SourceQuality "1"]
[WhiteTeam "LASK"]
[BlackTeam "Vasteras"]
[WhiteTeamCountry "SWE"]
[BlackTeamCountry "SWE"]

1. e4 g6 2. d4 Bg7 3. Nc3 c6 4. h3 d5 5. Nf3 dxe4 6. Nxe4 Nd7 7. Bd3 Ngf6 8. Qe2 0-0 9. 0-0 b6 10. Neg5 h6 11. Ne6 fxe6 12. Qxe6+ Kh7 13. Qxc6 e5 14. dxe5 Nc5 15. Qxa8 Nd5 16. Qc6 Nxd3 17. cxd3 Rxf3 18. gxf3 Bxe5 19. f4 Bd4 20. Be3 Nxe3 21. fxe3 Bxe3+ 22. Kh2 Bf5 23. Qb7+ Kh8 24. Qf3 Qxd3 25. Rae1 Qc2+ 26. Qe2 1-0

[Event "SWE-chT 1213"]
[Site "Sweden"]
[Date "2013.02.01"]
[Round "6"]
[White "Norberg, Erik"]
[Black "Bergstrom, Peter"]
[Result "1-0"]
[WhiteElo "2214"]
[BlackElo "2328"]
[PlyCount "139"]
[EventDate "2012.10.05"]
[EventType "team-tourn"]
[EventRounds "9"]
[EventCountry "SWE"]
[SourceTitle "EXT 2014"]
[Source "ChessBase"]
[SourceDate "2013.11.20"]
[SourceVersion "1"]
[SourceVersionDate "2013.11.20"]
[SourceQuality "1"]
[WhiteTeam "Vasteras"]
[BlackTeam "Viking"]
[WhiteTeamCountry "SWE"]
[BlackTeamCountry "SWE"]

1. Nf3 Nf6 2. c4 c6 3. g3 d5 4. b3 Bg4 5. Bg2 Nbd7 6. Bb2 e6 7. 0-0 Bd6 8. d4 0-0 9. Ne5 Bf5 10. Nd2 Qc7 11. Nxd7 Qxd7 12. f3 c5 13. e4 dxe4 14. fxe4 Bg4 15. Qe1 Be7 16. e5 Ne8 17. Qe4 Bf5 18. Qxb7 Qxb7 19. Bxb7 Rb8 20. Be4 Bg5 21. Bxf5 Bxd2 22. Be4 Be3+ 23. Kg2 Bxd4 24. Bxd4 cxd4 25. Rad1 Rd8 26. Bc6 f6 27. Bxe8 Rfxe8 28. exf6 gxf6 29. Rxf6 e5 30. Kf3 e4+ 31. Ke2 Kg7 32. Rf4 Re7 33. c5 a5 34. c6 Rd6 35. c7 Rc6 36. Rxd4 Rcxc7 37. Rc4 Rxc4 38. bxc4 Rb7 39. Rxe4 Rb2+ 40. Kd3 Rxa2 41. c5 Ra1 42. Rc4 Rd1+ 43. Ke4 Kf6 44. c6 Re1+ 45. Kd5 Rd1+ 46. Kc5 Ke7 47. Kb6 Kd8 48. c7+ Kc8 49. Kxa5 Rb1 50. Rh4 Kxc7 51. Rxh7+ Kd6 52. Rh5 Rb2 53. h4 Ke6 54. g4 Kf6 55. Rf5+ Kg6 56. h5+ Kh6 57. Rf6+ Kg7 58. g5 Rg2 59. Rg6+ Kh7 60. Kb5 Rg1 61. Kc5 Rh1 62. Rh6+ Kg7 63. Kd6 Ra1 64. Rg6+ Kh7 65. Re6 Rh1 66. Rh6+ Kg7 67. Ke7 Re1+ 68. Re6 Rh1 69. Rg6+ Kh7 70. Kf7 1-0

[Event "SWE-chT 1213"]
[Site "Sweden"]
[Date "2012.12.01"]
[Round "4"]
[White "Eksmyr, Johan"]
[Black "Norberg, Erik"]
[Result "1-0"]
[WhiteElo "2204"]
[BlackElo "2214"]
[PlyCount "53"]
[EventDate "2012.10.05"]
[EventType "team-tourn"]
[EventRounds "9"]
[EventCountry "SWE"]
[SourceTitle "EXT 2014"]
[Source "ChessBase"]
[SourceDate "2013.11.20"]
[SourceVersion "1"]
[SourceVersionDate "2013.11.20"]
[SourceQuality "1"]
[WhiteTeam "Orgryte"]
[BlackTeam "Vasteras"]
[WhiteTeamCountry "SWE"]
[BlackTeamCountry "SWE"]

1. d4 g6 2. c4 Bg7 3. g3 c5 4. d5 d6 5. Bg2 e5 6. dxe6 fxe6 7. Nh3 Nc6 8. Nc3 Nge7 9. 0-0 d5 10. Nf4 d4 11. Ne4 b6 12. Qa4 Bd7 13. Nd6+ Kf8 14. Bxc6 Nxc6 15. Nxe6+ Bxe6 16. Qxc6 Rb8 17. Bf4 g5 18. Ne4 gxf4 19. Qxe6 Rb7 20. Rad1 Re7 21. Qf5+ Rf7 22. Qh5 Qe7 23. Ng5 Rf6 24. Nxh7+ Kg8 25. Nxf6+ Qxf6 26. Qe8+ Bf8 27. Qe4 1-0

[Event "SWE-chT 1213"]
[Site "Sweden"]
[Date "2012.10.05"]
[Round "1"]
[White "Norberg, Erik"]
[Black "Scheid, Adam"]
[Result "1/2-1/2"]
[WhiteElo "2214"]
[BlackElo "2009"]
[PlyCount "70"]
[EventDate "2012.10.05"]
[EventType "team-tourn"]
[EventRounds "9"]
[EventCountry "SWE"]
[SourceTitle "EXT 2014"]
[Source "ChessBase"]
[SourceDate "2013.11.20"]
[SourceVersion "1"]
[SourceVersionDate "2013.11.20"]
[SourceQuality "1"]
[WhiteTeam "Vasteras"]
[BlackTeam "Burgsvik Alva"]
[WhiteTeamCountry "SWE"]
[BlackTeamCountry "SWE"]

1. Nf3 d5 2. g3 Nf6 3. Bg2 g6 4. c4 c6 5. 0-0 Bg7 6. d4 0-0 7. cxd5 cxd5 8. Nc3 Nc6 9. Re1 Bf5 10. Nh4 Be6 11. Bf4 Qb6 12. Rb1 Qxd4 13. Nb5 Qxd1 14. Rexd1 Rac8 15. Nc7 Bg4 16. f3 e5 17. Nxd5 Nxd5 18. fxg4 Nxf4 19. gxf4 exf4 20. Rd7 Ne5 21. Rxb7 Nxg4 22. Bd5 Bd4+ 23. Kh1 Rc5 24. Bb3 Nf2+ 25. Kg2 Rg5+ 26. Kf3 Rh5 27. Ng2 Rh3+ 28. Kxf4 Rxh2 29. e3 Nd3+ 30. Kf3 Bb6 31. Kg3 Rh5 32. Rf1 Rg5+ 33. Kh3 Rh5+ 34. Kg3 Rg5+ 35. Kh3 Rh5+ 1/2-1/2

[Event "SWE-chT 1112"]
[Site "Sweden"]
[Date "2012.02.04"]
[Round "5"]
[White "Akvist, Hakan"]
[Black "Norberg, Erik"]
[Result "0-1"]
[WhiteElo "2130"]
[BlackElo "2236"]
[PlyCount "80"]
[EventDate "2011.10.07"]
[EventType "team-tourn"]
[EventRounds "9"]
[EventCountry "SWE"]
[SourceTitle "EXT 2013"]
[Source "ChessBase"]
[SourceDate "2012.11.22"]
[SourceVersion "1"]
[SourceVersionDate "2012.11.22"]
[SourceQuality "1"]
[WhiteTeam "Eksjo"]
[BlackTeam "Vasteras"]
[WhiteTeamCountry "SWE"]
[BlackTeamCountry "SWE"]

1. d4 g6 2. c4 Bg7 3. Nc3 d6 4. e4 Nf6 5. f3 0-0 6. Be3 e5 7. d5 Ne8 8. g4 f5 9. gxf5 gxf5 10. Qd2 Qh4+ 11. Bf2 Qh5 12. 0-0-0 Nf6 13. Bd3 Na6 14. Kb1 Qg6 15. Nge2 Qg2 16. Rdf1 Qxf3 17. Be3 Qh3 18. exf5 Nb4 19. Ng3 Nxd3 20. Qxd3 h5 21. Nd1 Ng4 22. Bg5 h4 23. f6 Nxf6 24. Bxf6 Rxf6 25. Rxf6 Bxf6 26. Qg6+ Bg7 27. Nf2 Qd7 28. Nge4 Qf7 29. Qg5 Bf5 30. Qxh4 Qg6 31. Re1 Rf8 32. a3 Qg2 33. Ka2 Bxe4 34. Nxe4 Rf4 35. Qd8+ Kh7 36. Ng5+ Kh6 37. h4 e4 38. Rb1 Rf2 39. Kb3 Rxb2+ 40. Rxb2 Qxb2+ 0-1

[Event "SWE-chT 1011"]
[Site "Sweden"]
[Date "2011.03.12"]
[Round "10"]
[White "Norberg, Erik"]
[Black "Kinnmark, Ove"]
[Result "1/2-1/2"]
[WhiteElo "2247"]
[BlackElo "2266"]
[PlyCount "147"]
[EventDate "2010.10.08"]
[EventType "team-tourn"]
[EventRounds "11"]
[EventCountry "SWE"]
[SourceTitle "EXT 2012"]
[Source "ChessBase"]
[SourceDate "2011.11.24"]
[SourceVersion "1"]
[SourceVersionDate "2011.11.24"]
[SourceQuality "1"]
[WhiteTeam "Vasteras"]
[BlackTeam "Manhem"]
[WhiteTeamCountry "SWE"]
[BlackTeamCountry "SWE"]

1. g3 e5 2. Bg2 d5 3. d3 g6 4. Nf3 Bg7 5. 0-0 Ne7 6. Nbd2 0-0 7. e4 h6 8. c3 a5 9. exd5 Nxd5 10. d4 exd4 11. Nxd4 a4 12. Nc4 c6 13. Re1 Na6 14. Ne5 Nb6 15. Qf3 Nc7 16. h4 Ne6 17. Nc2 Ra5 18. Ng4 Kh7 19. Be3 Rb5 20. Rad1 Qc7 21. Bc1 h5 22. Nge3 Re5 23. Nb4 Nc5 24. Qe2 Rfe8 25. Qf1 R5e7 26. Bh3 Bxh3 27. Qxh3 a3 28. Nbc2 axb2 29. Bxb2 Nba4 30. Ba3 b6 31. Nd4 Nxc3 32. Rd2 Nd5 33. Nb5 Qb8 34. Rxd5 cxd5 35. Rd1 d4 36. Nf1 Re1 37. Rd2 Qe5 38. Bb2 Qe6 39. Qg2 Qe4 40. Qh3 Qe6 41. Qg2 d3 42. Bxg7 Kxg7 43. Nc7 Qd7 44. Nxe8+ Qxe8 45. Kh2 Re2 46. Qd5 Qe6 47. Qd4+ Qf6 48. Qxf6+ Kxf6 49. Kg2 Ke5 50. Kf3 Rxd2 51. Nxd2 Kd4 52. Kf4 Ne6+ 53. Kf3 Kc3 54. Ke3 Nc5 55. f3 Kc2 56. g4 Na4 57. gxh5 gxh5 58. Nb3 Nc5 59. Nd2 b5 60. Nf1 Ne6 61. Nd2 Nf4 62. Nb3 Ng2+ 63. Kf2 Nxh4 64. Nd4+ Kb2 65. Ke3 Kxa2 66. Nxb5 Kb3 67. Kxd3 Nxf3 68. Ke3 Ne5 69. Kf4 Ng6+ 70. Kg5 h4 71. Nd4+ Kc4 72. Nf3 Kd3 73. Nxh4 Nxh4 74. Kf6 1/2-1/2